<?xml version="1.0" encoding="UTF-8"?>
<record
    xmlns:xsi="http://www.w3.org/2001/XMLSchema-instance"
    xsi:schemaLocation="http://www.loc.gov/MARC21/slim http://www.loc.gov/standards/marcxml/schema/MARC21slim.xsd"
    xmlns="http://www.loc.gov/MARC21/slim">

  <leader>02211nam a22003137a 4500</leader>
  <controlfield tag="005">20150115162004.0</controlfield>
  <controlfield tag="008">150115b2013    ck |||||r|||| 00| 0 spa d</controlfield>
  <datafield tag="020" ind1=" " ind2=" ">
    <subfield code="a">9789587614947</subfield>
  </datafield>
  <datafield tag="040" ind1=" " ind2=" ">
    <subfield code="a">CO-BoIAVH</subfield>
    <subfield code="c">CO-BoIAVH</subfield>
  </datafield>
  <datafield tag="041" ind1=" " ind2=" ">
    <subfield code="a">spa</subfield>
  </datafield>
  <datafield tag="044" ind1=" " ind2=" ">
    <subfield code="a">ck</subfield>
  </datafield>
  <datafield tag="082" ind1="0" ind2="4">
    <subfield code="a">303.483</subfield>
    <subfield code="b">P15p</subfield>
  </datafield>
  <datafield tag="100" ind1="1" ind2=" ">
    <subfield code="a">Palacio-Casta&#xF1;eda, Germ&#xE1;n Alfonso </subfield>
    <subfield code="d">1948 - </subfield>
    <subfield code="9">31633</subfield>
  </datafield>
  <datafield tag="245" ind1="1" ind2="0">
    <subfield code="a">Plan estrat&#xE9;gico de ciencia, tecnolog&#xED;a e innovaci&#xF3;n (PEDCTI) para el departamento de Amazonas </subfield>
    <subfield code="c">Germ&#xE1;n Palacio ... [et al].</subfield>
  </datafield>
  <datafield tag="260" ind1=" " ind2=" ">
    <subfield code="a">Leticia : </subfield>
    <subfield code="b">Universidad Nacional de Colombia (Sede Amazonia). Instituto Amaz&#xF3;nico de Investigaciones (IMANI)</subfield>
    <subfield code="c">2013</subfield>
  </datafield>
  <datafield tag="300" ind1=" " ind2=" ">
    <subfield code="a">137 p.</subfield>
    <subfield code="b">il., diagramas, mapas, tablas</subfield>
  </datafield>
  <datafield tag="500" ind1=" " ind2=" ">
    <subfield code="a">Con el apoyo de: Banco Interamericano de Desarrollo (BID), Gobernaci&#xF3;n de Amazonas, Colciencias</subfield>
  </datafield>
  <datafield tag="504" ind1=" " ind2=" ">
    <subfield code="a">Incluye referencias bibliogr&#xE1;ficas</subfield>
  </datafield>
  <datafield tag="505" ind1=" " ind2=" ">
    <subfield code="a">1. Resumen ejecutivo -- 2. Introducci&#xF3;n -- 3. Fundamentos te&#xF3;ricos: hacia un conocimiento y una tecnolog&#xED;a descolonizados para el departamento de Amazonas -- 4. Supuestos operativos -- 5. Condiciones hist&#xF3;ricas, extrativismo y ciencia en la frontera amaz&#xF3;nica -- 6. Estado e historiograf&#xED;a de la ciencia en el departamento -- 7. Antecedentes del PEDCTI: fundamentos para construir una l&#xED;nea base situacional -- 8. Declaraci&#xF3;n del plan CTeI -- 9. Poner a trabajar al conocimiento -- 10. Cambios y continuidades del contexto departamental: la primera d&#xE9;cada del siglo XXI -- 11. Metodolog&#xED;a -- 12. Resultados -- 13. Logros y avances, dificultades y recomendaciones: a manera de conclusi&#xF3;n</subfield>
  </datafield>
  <datafield tag="650" ind1="1" ind2="4">
    <subfield code="a">Desarrollo cient&#xED;fico y tecnol&#xF3;gico</subfield>
    <subfield code="z">Amazonas (Regi&#xF3;n)</subfield>
    <subfield code="z">Colombia</subfield>
    <subfield code="9">31634</subfield>
  </datafield>
  <datafield tag="650" ind1="1" ind2="4">
    <subfield code="a">Pol&#xED;tica cient&#xED;fica</subfield>
    <subfield code="z">Amazonas (Regi&#xF3;n)</subfield>
    <subfield code="z">Colombia</subfield>
    <subfield code="9">31635</subfield>
  </datafield>
  <datafield tag="650" ind1="1" ind2="4">
    <subfield code="a">Ciencia y tecnolog&#xED;a</subfield>
    <subfield code="x">Pol&#xED;tica gubernamental</subfield>
    <subfield code="z">Amazonas (Regi&#xF3;n)</subfield>
    <subfield code="z">Colombia</subfield>
    <subfield code="9">31636</subfield>
  </datafield>
  <datafield tag="650" ind1="1" ind2="4">
    <subfield code="a">Innovaciones tecnol&#xF3;gicas</subfield>
    <subfield code="z">Amazonas (Regi&#xF3;n)</subfield>
    <subfield code="z">Colombia</subfield>
    <subfield code="9">31637</subfield>
  </datafield>
  <datafield tag="650" ind1="1" ind2="4">
    <subfield code="a">Tecnolog&#xED;as de la informaci&#xF3;n y la comunicaci&#xF3;n</subfield>
    <subfield code="v">programas</subfield>
    <subfield code="z">Amazonas (Regi&#xF3;n)</subfield>
    <subfield code="z">Colombia</subfield>
    <subfield code="9">31638</subfield>
  </datafield>
  <datafield tag="700" ind1="1" ind2=" ">
    <subfield code="a">Franco-Hern&#xE1;ndez, Fernando </subfield>
    <subfield code="d">1947 - </subfield>
    <subfield code="9">31639</subfield>
  </datafield>
  <datafield tag="700" ind1="1" ind2=" ">
    <subfield code="a">Moreno-N&#xFA;&#xF1;ez, Paola Alexandra</subfield>
    <subfield code="9">31640</subfield>
  </datafield>
  <datafield tag="700" ind1="1" ind2=" ">
    <subfield code="a">Torres-Bejarano, Ang&#xE9;lica Mar&#xED;a</subfield>
    <subfield code="9">31641</subfield>
  </datafield>
  <datafield tag="942" ind1=" " ind2=" ">
    <subfield code="2">ddc</subfield>
    <subfield code="c">LIBRO</subfield>
  </datafield>
  <datafield tag="999" ind1=" " ind2=" ">
    <subfield code="c">8995</subfield>
    <subfield code="d">8995</subfield>
  </datafield>
  <datafield tag="952" ind1=" " ind2=" ">
    <subfield code="0">0</subfield>
    <subfield code="1">0</subfield>
    <subfield code="2">ddc</subfield>
    <subfield code="4">0</subfield>
    <subfield code="7">0</subfield>
    <subfield code="8">GENERAL</subfield>
    <subfield code="I">INV2017</subfield>
    <subfield code="a">Bogota</subfield>
    <subfield code="b">Bogota</subfield>
    <subfield code="d">2015-01-15</subfield>
    <subfield code="e">Instituto</subfield>
    <subfield code="g">39000.00</subfield>
    <subfield code="l">0</subfield>
    <subfield code="o">LB-303.483 P15p</subfield>
    <subfield code="p">038488</subfield>
    <subfield code="r">2015-01-15 00:00:00</subfield>
    <subfield code="t">Ej. 1</subfield>
    <subfield code="w">2015-01-15</subfield>
    <subfield code="x">Donaci&#xF3;n</subfield>
    <subfield code="y">LIBRO</subfield>
  </datafield>
</record>
